00481 2200181 4500001002100000005001500021008004100036020001800077035001900095041000700114082001200121090001800133100001300151245003200164260004400196300001800240650004100258INLIS00000000001565520241224114957241224||||||||| | ||| |||| || |  a979-3357-63-0 0010-1224015655 aid0 a639.543 a639.543 ISK b0 aIskandar00aBudi Daya Lobster Air Tawar aTanggerangbPT. AgroMedia Pustakac2003 a76hlm;16x24cm 0aPertanian & Teknologi Yang Berkaitan